000 00377nam a22001577a 4500
003 MPLRDC
005 20220104124123.0
008 210129b ||||| |||| 00| 0 eng d
082 _a868.71 BDa
100 _a碧澄
245 _a最后一颗榴梿
_c
260 _a
_b铁山泥出版有限公司
_c1985
300 _b
650 _a马华文学
942 _cBK
_o868.71 BDa
999 _c16798
_d16788